El derecho y los chicos (Record no. 9472)

MARC details
000 -LEADER
campo de control de longitud fija 01705nmm a2200517 a 4500
003 - IDENTIFICADOR DE NÚMERO DE CONTROL
campo de control AR-BaBNM
005 - FECHA Y HORA DE LA ÚLTIMA TRANSACCIÓN
campo de control 20251128204943.0
008 - DATOS DE LONGITUD FIJA--INFORMACIÓN GENERAL
campo de control de longitud fija 011101s1995 ||||||||||||||000 | spa||
020 ## - NÚMERO INTERNACIONAL ESTÁNDAR DEL LIBRO
Número Internacional Estándar del Libro 950-802-
040 ## - FUENTE DE CATALOGACIÓN
Centro/agencia transcriptor AR-BaBNM
111 2# - ENTRADA PRINCIPAL--NOMBRE DE CONGRESO/REUNIÓN
Nombre de congreso/reunión o jurisdicción como elemento de entrada Seminario internacional El derecho y los chicos
Sede del congreso/Lugar de la reunión Buenos Aires, Argentina
9 (RLIN) mar. 21-24
Fecha del congreso o de la firma del tratado 1995
245 10 - MENCIÓN DEL TÍTULO
Título El derecho y los chicos
Resto del título balance y perspectivas de las reformas legislativas
250 ## - MENCION DE EDICION
Mención de edición 1ª ed.
260 ## - PUBLICACIÓN, DISTRIBUCIÓN, ETC.
Lugar de publicación, distribución, etc. Buenos Aires
Nombre del editor, distribuidor, etc. Espacio
Fecha de publicación, distribución, etc. 1995
300 0# - DESCRIPCIÓN FÍSICA
Extensión 272 p.
500 1# - NOTA GENERAL
Nota general El seminario de referencia se realizó en el aniversario de la Convención Internacional de los Derechos del Niño y fue organizado por la Embajada de Italia, Oficina de Cooperación, la Fundación Pibes Unidos y el Posgrado en problemáticas sociales infanto-j
650 #4 - PUNTO DE ACCESO ADICIONAL DE MATERIA--TÉRMINO DE MATERIA
Término de materia o nombre geográfico como elemento de entrada INFANCIA
650 #4 - PUNTO DE ACCESO ADICIONAL DE MATERIA--TÉRMINO DE MATERIA
Término de materia o nombre geográfico como elemento de entrada BIENESTAR DE LA INFANCIA
650 #4 - PUNTO DE ACCESO ADICIONAL DE MATERIA--TÉRMINO DE MATERIA
Término de materia o nombre geográfico como elemento de entrada DERECHOS DEL NINO
650 #4 - PUNTO DE ACCESO ADICIONAL DE MATERIA--TÉRMINO DE MATERIA
Término de materia o nombre geográfico como elemento de entrada LEGISLACION
650 #4 - PUNTO DE ACCESO ADICIONAL DE MATERIA--TÉRMINO DE MATERIA
Término de materia o nombre geográfico como elemento de entrada REFORMA JURIDICA
651 #4 - PUNTO DE ACCESO ADICIONAL DE MATERIA--NOMBRE GEOGRÁFICO
Nombre geográfico Uruguay
651 #4 - PUNTO DE ACCESO ADICIONAL DE MATERIA--NOMBRE GEOGRÁFICO
Nombre geográfico Perú
651 #4 - PUNTO DE ACCESO ADICIONAL DE MATERIA--NOMBRE GEOGRÁFICO
Nombre geográfico Italia
651 #4 - PUNTO DE ACCESO ADICIONAL DE MATERIA--NOMBRE GEOGRÁFICO
Nombre geográfico Guatemala
651 #4 - PUNTO DE ACCESO ADICIONAL DE MATERIA--NOMBRE GEOGRÁFICO
Nombre geográfico Ecuador
651 #4 - PUNTO DE ACCESO ADICIONAL DE MATERIA--NOMBRE GEOGRÁFICO
Nombre geográfico Chile
651 #4 - PUNTO DE ACCESO ADICIONAL DE MATERIA--NOMBRE GEOGRÁFICO
Nombre geográfico Brasil
651 #4 - PUNTO DE ACCESO ADICIONAL DE MATERIA--NOMBRE GEOGRÁFICO
Nombre geográfico Bolivia
651 #4 - PUNTO DE ACCESO ADICIONAL DE MATERIA--NOMBRE GEOGRÁFICO
Nombre geográfico Argentina
700 1# - ENTRADA AGREGADA--NOMBRE PERSONAL
Nombre de persona Bianchi, María del Carmen
Término indicativo de función/relación compilador
700 1# - ENTRADA AGREGADA--NOMBRE PERSONAL
Nombre de persona Baratta, Alessandro
700 1# - ENTRADA AGREGADA--NOMBRE PERSONAL
Nombre de persona Bidart Campos, Germán J.
700 1# - ENTRADA AGREGADA--NOMBRE PERSONAL
Nombre de persona Leo, Gaetano de
700 1# - ENTRADA AGREGADA--NOMBRE PERSONAL
Nombre de persona García Méndez, Emilio
700 1# - ENTRADA AGREGADA--NOMBRE PERSONAL
Nombre de persona Ferrari Bravo, Gabriella
700 1# - ENTRADA AGREGADA--NOMBRE PERSONAL
Nombre de persona Garrido de Paula, Paulo Alfonso
700 1# - ENTRADA AGREGADA--NOMBRE PERSONAL
Nombre de persona Hope, Marcel
700 1# - ENTRADA AGREGADA--NOMBRE PERSONAL
Nombre de persona Esquivel Utreras, Amira
700 1# - ENTRADA AGREGADA--NOMBRE PERSONAL
Nombre de persona Crosby Crosby, Patricia
700 1# - ENTRADA AGREGADA--NOMBRE PERSONAL
Nombre de persona Dávalos Vela, Guillermo
700 1# - ENTRADA AGREGADA--NOMBRE PERSONAL
Nombre de persona Estrada Castillo, Miriam
700 1# - ENTRADA AGREGADA--NOMBRE PERSONAL
Nombre de persona Viero, Paola
942 ## - ELEMENTOS DE ENTRADA SECUNDARIOS (KOHA)
Tipo de ítem Koha Libros
998 ## - INFORMACIÓN DE CONTROL LOCAL (RLIN)
Iniciales del catalogador, CIN (RLIN) SILVI
Holdings
Estatus retirado Estado de pérdida Fuente de la clasificación o esquema de estantería Estado de daño No para préstamo Biblioteca de origen Biblioteca actual Fecha de adquisición Total de préstamos Signatura topográfica completa Código de barras Visto por última vez Precio de reemplazo Tipo de ítem Koha Restricciones de uso Ubicación en estantería
    Clasificación Decimal Dewey     Liberty Liberty 28/11/2025   342.7 BIA 100667 28/11/2025 28/11/2025 Libros    
    Clasificación Decimal Dewey     Liberty Liberty 28/11/2025   342.7 BIA 100668 28/11/2025 28/11/2025 Libros    
    Clasificación Decimal Dewey     Liberty Liberty 28/11/2025   342.7 BIA 100669 28/11/2025 28/11/2025 Libros    
    Clasificación Decimal Dewey   No para préstamo Liberty Liberty 28/11/2025   342.7 BIA 121321 28/11/2025 28/11/2025 Libros Acceso restringido